Statistics for Top mlb 1000 runs scored leaders (part 1)

Click here to take the quiz!

General Stats

  • This quiz has been taken 335 times
  • The average score is 210 of 500

Answer Stats

RankPlayer (2022 Rs)R% Correct
5.Babe Ruth2174
95%
3.Barry Bonds2227
94%
103.Bernie Williams1366
94%
95.Billy Williams1410
94%
146.Bobby Bonds1258
94%
321.Cy Williams1024
94%
349.Matt Williams997
94%
20.Ted Williams1798
94%
1.Rickey Henderson2295
91%
173.Edgar Martinez1219
90%
8.Alex Rodriguez2021
88%
164.Brooks Robinson1232
88%
17.Frank Robinson1829
88%
382.Jackie Robinson972
88%
2.Ty Cobb2245
88%
390.Adam Jones963
87%
180.Andruw Jones1204
87%
262.Aramis Ramirez1098
87%
46.Chipper Jones1619
87%
11.Derek Jeter1923
87%
201.Fielder Jones1180
87%
4.Hank Aaron2174
87%
304.Hanley Ramirez1049
87%
12.Lou Gehrig1888
87%
60.Manny Ramirez1544
87%
30.Mickey Mantle1676
87%
325.Mike Trout1022
87%
6Pete Rose2165
87%
449.Elmer Smith913
86%
458.Germany Smith907
86%
110.Ivan Rodriguez1354
86%
455.Lonnie Smith909
86%
211.Mark McGwire1167
86%
147.Ozzie Smith1257
86%
57.Reggie Jackson1551
86%
243.Reggie Smith1123
86%
236.Ken Griffey1129
84%
34.Ken Griffey Jr.1662
84%
13.Albert Pujols1884
83%
394.Lee May959
83%
79.Sammy Sosa1475
83%
159.Bob Johnson1239
82%
36.Cal Ripken Jr.1647
82%
91.David Ortiz1419
82%
267.Johnny Bench1091
82%
66.Miguel Cabrera1523
81%
10.Stan Musial1949
81%
117.Vladimir Guerrero1328
81%
24.Honus Wagner1739
79%
472.Melky Cabrera895
79%
73.Mike Schmidt1506
79%
364.Orlando Cabrera985
79%
205.Yogi Berra1175
79%
348.Adrian Gonzalez997
78%
487.Asdrubal Cabrera886
78%
51.George Brett1583
78%
331.Tino Martinez1009
78%
446Victor Martinez914
78%
64.Adrian Beltre1524
77%
375.Albert Belle974
77%
218.Buddy Bell1151
77%
219.Cool Papa Bell1149
77%
242.Jay Bell1123
77%
298.Juan Gonzalez1061
77%
47.Lou Brock1610
77%
93.Luis Gonzalez1412
77%
235.Shawn Green1129
77%
101.Tony Gwynn1383
77%
7.Willie Mays2068
77%
157.Chili Davis1240
75%
307.Dom DiMaggio1046
75%
417.Eric Davis938
75%
317.Gary Carter1025
75%
59.George Davis1545
75%
344.Harry Davis1001
75%
52.Jim Thome1583
75%
208Joe Carter1170
75%
99.Joe DiMaggio1390
75%
174.Willie Davis1217
75%
41.Eddie Murray1627
74%
489.Hack Wilson884
74%
282.Juan Pierre1075
74%
69.Wade Boggs1513
74%
209.Willie Wilson1169
74%
16.Craig Biggio1844
73%
312.Dixie Walker1038
73%
70.Eddie Mathews1509
73%
76.Frank Thomas1494
73%
398.Gee Walker955
73%
121.Jeff Kent1320
73%
153.Jim Rice1249
73%
35.Joe Morgan1650
73%
109.Larry Walker1355
73%
306.Mike Piazza1048
73%
54.Rogers Hornsby1579
73%
329.Roy Thomas1011
73%
68.Sam Rice1514
73%
102.Andre Dawson1373
71%
295.Brady Anderson1062
71%
19.Carl Yastrzemski1816
71%
125.Ernie Banks1305
71%
269.Garret Anderson1084
71%
136.Harmon Killebrew1283
71%
90.Ichiro Suzuki1420
71%
23.Jimmie Foxx1751
71%
138.Nellie Fox1279
71%
21.Paul Molitor1782
71%
473.Pete Fox895
71%
112.Darrell Evans1344
70%
31.Dave Winfield1669
70%
80.Dwight Evans1470
70%
33.Rafael Palmeiro1663
70%
55.Tim Raines1571
70%
187.Willie Stargell1194
70%
156.Carlos Delgado1241
69%
224.Deacon White1140
69%
239.Devon White1125
69%
452.Frank White912
69%
284Kirby Puckett1071
69%
40.Robin Yount1632
69%
389.Roy White964
69%
44.Al Kaline1622
68%
9.Cap Anson1999
68%
53.Carlos Beltran1582
68%
140.Carlton Fisk1276
68%
145.Duke Snider1259
68%
195.Jose Canseco1186
68%
314.Jose Cruz1036
68%
240.Keith Hernandez1124
68%
286.Nelson Cruz1070
68%
92.Roberto Clemente1416
68%
87.Rod Carew1424
68%
184.Dale Murphy1197
66%
471.Darryl Strawberry898
66%
363.Felipe Alou985
66%
67.Jeff Bagwell1517
66%
89.Jimmy Rollins1421
66%
15.Mel Ott1859
66%
252Moises Alou1109
66%
123.Ryne Sandberg1318
66%
142.Tony Perez1272
66%
468.Bryce Harper899
65%
128.Harold Baines1299
65%
71.Roberto Alomar1508
65%
379.Tommy Harper972
65%
14.Tris Speaker1882
65%
167.Willie McCovey1229
65%
39.Gary Sheffield1636
64%
359.George Foster986
64%
97.Todd Helton1401
64%
165.Alan Trammell1231
62%
141.Dave Parker1272
62%
168.Jason Giambi1227
62%
74.Nap Lajoie1504
62%
384.Ralph Kiner971
62%
226.Ron Santo1138
62%
238.Carlos Lee1125
61%
275.Derrek Lee1081
61%
351.Eric Young Sr.996
61%
111.Fred McGriff1349
61%
308.Hank Greenberg1046
61%
247.Jack Clark1118
61%
228.Joey Votto1136
61%
100.Lou Whitaker1386
61%
227.Michael Young1137
61%
196.Will Clark1186
61%
72.Al Simmons1507
60%
116.Barry Larkin1329
60%
188.Graig Nettles1193
60%
438.Henry Larkin925
60%
143.Robinson Cano1261
60%
222.Steve Garvey1143
60%
283.Ted Simmons1074
60%
28.Billy Hamilton1697
58%
335.Don Mattingly1007
58%
347.Carl Crawford998
57%
328.Cecil Cooper1012
57%
466.Dave Kingman901
57%
439.Dustin Pedroia922
57%
248.Johnny Mize1118
57%
220.Lance Berkman1146
57%
98.Sam Crawford1391
57%
18.Eddie Collins1821
56%
302.Jimmy Collins1055
56%
326.Joe Mauer1018
56%
433.Jose Altuve928
56%
311.Paul O'Neill1041
56%
129.Torii Hunter1296
56%
423.Dante Bichette934
55%
32.Johnny Damon1668
55%
461.Kent Hrbek903
55%
366.Kirk Gibson985
55%
181.Lloyd Waner1201
55%
42.Paul Waner1627
55%
207.Arky Vaughan1173
53%
257.Chase Utley1103
53%
327.Greg Vaughn1017
53%
63.Kenny Lofton1528
53%
186.Andres Galarraga1195
52%
388.Dusty Baker964
52%
485.Home Run Baker887
52%
323.Jose Bautista1022
52%
231.Orlando Cepeda1131
52%
214.Paul Konerko1162
52%
276.Ryan Braun1080
52%
217.Alfonso Soriano1152
51%
258.Dick Allen1099
51%
150.Ellis Burks1253
51%
294.Fred Lynn1063
51%
467.Jorge Posada900
51%
261.Mark Teixeira1099
51%
114.Pee Wee Reese1338
51%
263.Adam Dunn1097
49%
270.Bobby Bonilla1084
49%
483.Boog Powell889
49%
404.David Wright949
49%
81.Herman Long1456
49%
151.Jim Edmonds1251
49%
166.Miguel Tejada1230
49%
309.Norm Cash1045
49%
161.Don Baylor1236
48%
350.Joe Torre996
48%
225.John Olerud1139
48%
372.Evan Longoria979
47%
319.Freddie Freeman1024
47%
445.Joe Gordon914
47%
373.Ron Cey977
47%
190.Al Oliver1189
45%
434.Bret Boone927
45%
22.Charlie Gehringer1775
45%
346.Paul Goldschmidt1000
45%
430.Bill Dickey930
44%
82.Bobby Abreu1453
44%
353.Dave Concepcion993
44%
191.Rusty Staub1189
44%
144.Sam Thompson1261
44%
361.Tim Salmon986
44%
65.Tom Brown1524
44%
300.Tony Fernandez1057
44%
330.Willie McGee1010
44%
280.Bill Buckner1077
43%
432.David Justice929
43%
233.Gary Gaetti1130
43%
179.Scott Rolen1211
43%
160.Willie Randolph1239
43%
135.George Sisler1284
42%
134.Julio Franco1285
42%
115.Luis Aparicio1335
42%
499.Phil Rizzuto877
42%
254.Gil Hodges1105
40%
203.Mark Grace1179
40%
287.Maury Wills1067
40%
278.Ron Gant1080
40%
391.Ryan Zimmerman963
40%
61.Frankie Frisch1532
39%
494.George Kell880
39%
202.Jose Reyes1180
39%
435.Nomar Garciaparra927
39%
313.Reggie Sanders1037
39%
448.Steve Sax913
39%
268.Andrew McCutchen1087
38%
175.Curtis Granderson1217
38%
259.Edwin Encarnacion1099
38%
237.Hardy Richardson1127
38%
281.Magglio Ordonez1076
38%
215.Matt Holliday1157
38%
338.Robin Ventura1006
38%
463.Vinny Castilla902
38%
200.Bert Campaneris1181
36%
315.Bobby Grich1033
36%
339.Brandon Phillips1005
36%
274.Gary Matthews1083
36%
395.George Scott957
36%
401.Matt Kemp950
36%
119.Richie Ashburn1322
36%
482.Troy Glaus889
36%
210.Chuck Klein1168
35%
322.Davey Lopes1023
35%
495.Greg Luzinski880
35%
368.Jermaine Dye984
35%
83.Omar Vizquel1445
35%
84.Steve Finley1443
35%
457.Tim Wallach908
35%
127.Tony Phillips1300
35%
27.Willie Keeler1719
35%
271.Cesar Cedeno1084
34%
230.Chuck Knoblauch1132
34%
155.Ian Kinsler1243
34%
198.Joe Judge1184
34%
478.Ken Caminiti894
34%
431.Vernon Wells930
34%
426.Willie Wells932
34%
183.Joe Medwick1198
32%
383.Rocky Colavito971
32%
154.Enos Slaughter1247
31%
416.Hal McRae940
31%
131.Harry Heilmann1291
31%
88.Joe Kelley1421
31%
107.King Kelly1357
31%
122.Luke Appling1319
31%
104.Vada Pinson1365
31%
265.Bobby Doerr1094
30%
441.Johnny Evers919
30%
277.Larry Doby1080
30%
370.Sal Bando982
30%
479.Garry Templeton893
29%
299.Justin Upton1058
29%
194.Marquis Grissom1187
29%
272.Ruben Sierra1084
29%
245.Bill Terry1120
27%
407.Bing Miller946
27%
450.Chris Chambliss912
27%
480.Hunter Pence891
27%
310.Mickey Cochrane1041
27%
493.Babe Herman882
26%
440.Bill Madlock920
26%
213.Billy Herman1163
26%
105.Brett Butler1359
26%
378.Chet Lemon973
26%
437.Claudell Washington926
26%
182.Edgar Renteria1200
26%
204.Jim Bottomley1177
26%
256.Ken Boyer1104
26%
367.Ken Singleton985
26%
199.Pie Traynor1183
26%
152.Ray Durham1249
26%
132.Zack Wheat1289
26%
229.Bobby Lowe1135
25%
49.Ed Delahanty1600
25%
385.Ray Lankford968
25%
411.Brett Gardner943
23%
193.Brian Downing1188
23%
43.Fred Clarke1622
23%
77.Goose Goslin1482
23%
163.Joe Cronin1233
23%
343.Luis Castillo1001
23%
172.Red Schoendienst1223
23%
266.Amos Otis1092
22%
490.Ben Zobrist884
22%
37.Jimmy Ryan1643
22%
94.John Ward1410
22%
497.Otis Nixon878
22%
297.B.J. Surhoff1062
21%
301.Bobby Wallace1057
21%
197.Earle Combs1186
21%
410.J.D. Drew944
21%
358.Larry Bowa987
21%
290.Mike Cameron1064
21%
170.Minnie Minoso1227
21%
303.Raul Ibanez1055
21%
362.Todd Zeile986
21%
360.Tony Lazzeri986
21%
340.Tony Taylor1005
21%
381.Bobby Murcer972
19%
492.Jayson Werth883
19%
443.Jeromy Burnitz917
19%
255Jim Wynn1105
19%
474.Travis Fryman895
19%
377.Wally Joyner973
19%
481.Carlos Santana891
18%
334.Carney Lansford1007
18%
447.Darin Erstad913
18%
171.Earl Averill1224
18%
415.George Hendrick941
18%
133.Heinie Manush1288
18%
246.Nick Markakis1119
18%
45.Roger Connor1620
18%
244.Brian Giles1121
17%
402.Harvey Kuenn950
17%
26.Jesse Burkett1720
17%
126.Kiki Cuyler1305
17%
462.Bobby Thomson903
16%
369.Elvis Andrus983
16%
85.Harry Hooper1429
16%
316.Jason Kendall1030
16%
332.Placido Polanco1009
16%
148.Rabbit Maranville1256
16%
454.Raul Mondesi909
16%
403.Rick Monday950
16%
106.Doc Cramer1357
14%
56.Hugh Duffy1554
14%
48.Jake Beckley1603
14%
58.Max Carey1545
14%
293.Rafael Furcal1063
14%
86.Billy Hoy1429
13%
62.Dan Brouthers1529
13%
469.Don Kessinger899
13%
25.Jim O'Rourke1729
13%
475Carl Furillo895
12%
498.Coco Crisp877
12%
387.George Wood965
12%
223.Joe Sewell1141
12%
113.Lave Cross1338
12%
250.Toby Harrah1115
12%
273.Tommy Tucker1084
12%
221.Ben Chapman1144
10%
292.Bob Elliott1064
10%
234.Buck Ewing1129
10%
260.Edd Roush1099
10%
192.George Burns1188
10%
464.George Burns901
10%
320.John McGraw1024
10%
409.Roy Sievers945
10%
488.Alex Rios885
9%
425.Denny Lyons933
9%
38.George Van Haltren1642
9%
356.Hughie Jennings992
9%
185.Mickey Vernon1196
9%
158.Stan Hack1239
9%
291.Alvin Dark1064
8%
29.Bid McPhee1684
8%
365.Del Ennis985
8%
374.Jack Doyle977
8%
149.Jim Gilliam1255
8%
436.Johnny Callison926
8%
393.Larry Doyle960
8%
96.Mike Griffin1406
8%
429.Pinky Higgins931
8%
392.Shin-Soo Choo961
8%
496.Tip O'Neill879
8%
465.Tommy Henrich901
8%
345.Vern Stephens1001
8%
241.Wally Moses1124
8%
50.Bill Dahlen1590
6%
444.Curt Welch915
6%
137.Donie Bush1281
6%
400.Elmer Flick950
6%
336.Frankie Crosetti1006
6%
476.Freddie Lindstrom895
6%
371.Hal Chase980
6%
216.Lu Blue1152
6%
120.Patsy Donovan1321
6%
337.Roger Peckinpaugh1006
6%
288.Tommy McCarthy1066
6%
206.Buddy Myer1174
5%
305.Dave Bancroft1048
5%
484.Dick McAuliffe888
5%
352.Ezra Sutton994
5%
118.George Gore1327
5%
212.Jack Glasscock1164
5%
249.Jake Daubert1117
5%
253.Jimmy Dykes1108
5%
477.Joe Quinn895
5%
420.Jose Cardenal936
5%
406.Mark Grudzielanek946
5%
357.Phil Cavarretta990
5%
427.Ron Fairly931
5%
422.Royce Clayton935
5%
453.Turkey Stearnes910
5%
78.Arlie Latham1481
4%
418.Bill Bruton937
4%
279.Billy Nash1080
4%
342.Clyde Milan1004
4%
178.Cupid Childs1214
4%
419.Dolph Camilli936
4%
177.Eddie Yost1215
4%
459.Frank Schulte906
4%
264.Fred Pfeffer1096
4%
451.George Grantham912
4%
397.Ginger Beaumont955
4%
75.Harry Stovey1495
4%
442.Heinie Groh918
4%
130.Jimmy Sheckard1206
4%
324.Kid Gleason1022
4%
399.Pete Browning954
4%
424.Sam West934
4%
251.Sherry Magee1112
4%
376.Wally Pipp974
4%
341.Augie Galan1004
3%
396.Bobby Veach957
3%
355.Charlie Comiskey992
3%
232.Dick Bartell1130
3%
380.Ed Konetchy972
3%
169.Ed McKean1227
3%
139.Fred Tenney1278
3%
162.Joe Kuhel1236
3%
412.Mark McLemore943
3%
333.Marty McManus1008
3%
386.Max Bishop966
3%
124.Mike Tiernan1316
3%
405.Miller Huggins948
3%
428.Ned Hanlon931
3%
176.Paul Hines1217
3%
500.Pete Runnels876
3%
414.Red Rolfe942
3%
318.Tom Daly1025
3%
189.Tommy Corcoran1189
3%
108.Tommy Leach1355
3%
413.Bill Hallman942
1%
456.Charlie Grimm908
1%
285.Harlond Clift1070
1%
421.Jack Tobin936
1%
470.John Reilly898
1%
289.Kip Selbach1066
1%
491.Ossie Bluege883
1%
408.Paul Radford945
1%
486.Steve Brodie886
1%
460.Tommy Dowd903
1%
354.Billy Shindle993
0%
296.Charlie Jamieson1062
0%

Score Distribution

Percentile by Number Answered

Percent of People with Each Score

Your Score History

You have not taken this quiz